| 000 | 00539nam a2200157Ia 4500 | ||
|---|---|---|---|
| 008 | 220216s9999 xx 000 0 und d | ||
| 100 | _aMathew Jacob | ||
| 245 | 0 | _aTapping panel dryness of Hevea brasiliensis: An overview | |
| 260 |
_b5th International Conference on Plant Pathology in the Globalized Era, 10-13 November 2009, New Delhi, India, pp. 150. _c2009 |
||
| 650 | _aHevea brasiliensis | ||
| 650 | _aTapping panel dryness | ||
| 700 | _aAbraham Thomson | ||
| 700 | _aMalathi V.G. | ||
| 700 | _aRamachandran Padma | ||
| 942 | _cBS | ||
| 999 |
_c52312 _d52312 |
||